| 000 | 00775nam a22002297a 4500 | ||
|---|---|---|---|
| 005 | 20210325205422.0 | ||
| 008 | s2005 eng d | ||
| 020 | _a9781844070466 | ||
| 041 | _aeng | ||
| 050 | _aQC981.8.C5 D43O 2005 | ||
| 100 | 0 | _aDepledge, Joanna | |
| 245 | 1 | 0 | _aThe organization of global negotiations : constructing the climate change regime |
| 260 | 3 |
_aLondon : _bEarthscan, _c2005 |
|
| 300 |
_a258 p. : _b tables ; _c 24 cm. |
||
| 650 | 0 | 4 | _aEnvironmental policy -- International cooperation |
| 650 | 0 | 4 | _aClimatic changes -- International cooperation |
| 850 | _aNALT | ||
| 942 | _cGB | ||
| 997 | _a9164 | ||
| 997 | _c000000000063487 | ||
| 998 | _aนางสุกัญญา กัลยา | ||
| 999 |
_c63487 _d63487 |
||